000 00735nam a22002297a 4500
005 20170124110205.0
010 _aA-702216
020 _c00.00
_a8170188105
035 _aA-702216
037 _bCen Lib/Ret
040 _aDPL
_bEN
082 _a181.41
_bKAU
100 _aKaul, H. Kumar
_937089
245 _aAspects of yoga /
_cby H. Kumar Kaul
260 _aNew Delhi
_bB. R. Publishing
_c1994
270 _bNew Delhi
_e110052
_aA-6, Nimri Community Centre, Near Ashok Vihar, Phase IV
300 _axiii,239p. :
_c22cm(Hb)
_bill.
500 _aIncludes bibliographical references and index
650 _aHatha yoga -- India -- Punjab
_937090
650 _aHatha yoga
_925409
942 _2ddc
_cEN
_h181.41
_mKAU
999 _c133182
_d133182